[Event "Gibraltar Masters"]
[Site "Caleta ENG"]
[Date "2011.01.31"]
[Round "7.32"]
[White "Kanep, Meelis"]
[Black "Kolbus, Dietmar"]
[Result "1-0"]
[WhiteTitle "GM"]
[BlackTitle "IM"]
[WhiteElo "2531"]
[BlackElo "2332"]
[WhiteFideId "4501047"]
[BlackFideId "4610628"]
[EventDate "2011.01.25"]
[EventType "swiss"]

1. d4 d5 2. c4 c6 3. Nf3 Nf6 4. Qb3 e6 5. Bg5 Be7 6. e3 O-O 7. Nc3 Ne4 8. Bxe7
Qxe7 9. Bd3 Nxc3 10. Qxc3 Nd7 11. O-O dxc4 12. Bxc4 c5 13. Rfd1 cxd4 14. Qxd4
Qf6 15. Rac1 Qxd4 16. Rxd4 Nb6 17. Bb5 a6 18. Bd3 Nd5 19. Be4 Nf6 20. Bd3 Bd7
21. Ne5 Bb5 22. Bxb5 axb5 23. a3 Rac8 24. Rcd1 Rc5 25. Nd7 Nxd7 26. Rxd7 Rc2 27.
b4 Ra2 28. Rxb7 Rxa3 29. g4 Rb3 30. Rxb5 h6 31. h4 Rc8 32. Rd4 Rc7 33. Rb8+ Kh7
34. h5 g6 35. Kg2 Kg7 36. Kg3 Rb2 37. hxg6 Kxg6 38. Rf4 Kg7 39. b5 Rd7 40. b6
Kg6 41. Rd4 Rxd4 42. exd4 Kf6 43. Kf3 Rb5 44. Ke3 h5 45. gxh5 Rxh5 46. Kd3 Rf5
47. Rc8 Rb5 48. Rc6 Ke7 49. Kc4 Rb2 50. Kc5 Kd8 51. f4 Rb1 52. Rc7 Rc1+ 53. Kd6
Rb1 54. Kc6 Rc1+ 55. Kb7 Rd1 56. Rxf7 Rxd4 57. Kc6 Rd1 58. b7 Rc1+ 59. Kd6 Rd1+
60. Kxe6 Re1+ 61. Kf6 Rb1 62. b8=Q+ Rxb8 63. Rf8+ Kc7 64. Rxb8 Kxb8 65. Ke7 1-0

[Event "Gibraltar Masters"]
[Site "Caleta ENG"]
[Date "2011.01.31"]
[Round "7.33"]
[White "Cabrera, Alexis"]
[Black "Dittmar, Peter"]
[Result "1-0"]
[WhiteTitle "GM"]
[BlackTitle "FM"]
[WhiteElo "2518"]
[BlackElo "2328"]
[WhiteFideId "3502783"]
[BlackFideId "4602064"]
[EventDate "2011.01.25"]
[EventType "swiss"]

1. e4 c5 2. Nf3 Nc6 3. d4 cxd4 4. Nxd4 g6 5. c4 Nf6 6. Nc3 d6 7. Nc2 Bg7 8. Be2
O-O 9. O-O Be6 10. Rb1 Rc8 11. b3 Nd7 12. Nd5 Nc5 13. f3 a5 14. Bg5 f5 15. exf5
Bxf5 16. Nde3 Be6 17. Qd2 h6 18. Bh4 Qe8 19. Rbe1 g5 20. Bg3 Qf7 21. Bd1 Rce8
22. Nd5 Bf5 23. Nce3 Bd3 24. Be2 Bg6 25. Nc7 Rc8 26. Nb5 Rcd8 27. Nd5 Kh8 28. h4
e6 29. Ndc3 gxh4 30. Bxh4 Rd7 31. Bf2 Rfd8 32. Be3 Qf6 33. Rd1 Qh4 34. Bf2 Qf6
35. g3 Qf8 36. Kg2 e5 37. Be3 Kg8 38. Rh1 h5 39. Nd5 Ne6 40. Nb6 Rf7 41. Nxd6
Ncd4 42. Nxf7 Qxf7 43. Nd5 e4 44. f4 Nf3 45. Bxf3 exf3+ 46. Kf2 b5 47. Qxa5 bxc4
48. bxc4 Rb8 49. Rd2 Bf8 50. Nb6 Bf5 51. Qe5 Rb7 52. Rd7 Rxd7 53. Nxd7 Bg7 54.
Qb8+ Kh7 55. Ne5 Bxe5 56. Qxe5 Bg4 57. Rb1 h4 58. gxh4 Bf5 59. Rb8 Ng7 60. Bd4
Qg6 61. Qxg7+ 1-0

[Event "Gibraltar Masters"]
[Site "Caleta ENG"]
[Date "2011.01.31"]
[Round "7.34"]
[White "Hoffmann, Michael1"]
[Black "Weber, Tom"]
[Result "1/2-1/2"]
[WhiteTitle "GM"]
[BlackTitle "FM"]
[WhiteElo "2506"]
[BlackElo "2310"]
[WhiteFideId "4601297"]
[BlackFideId "4000609"]
[EventDate "2011.01.25"]
[EventType "swiss"]

1. d4 f5 2. g3 g6 3. h4 Nf6 4. h5 Nxh5 5. Rxh5 gxh5 6. e4 d6 7. Qxh5+ Kd7 8. Bc4
c6 9. exf5 Kc7 10. Nh3 Bg7 11. Be3 Nd7 12. Ng5 Nf6 13. Qf3 Qe8 14. Bf7 Qf8 15.
Nc3 h6 16. Ne6+ Bxe6 17. Bxe6 h5 18. Ne2 Bh6 19. Nf4 Qg7 20. Ng6 Bxe3 21. Qxe3
Rh6 22. O-O-O Rxg6 23. fxg6 Qxg6 24. Rh1 Rh8 25. Rh4 Qg7 26. a3 Kb8 27. Kb1 Rf8
28. Qe2 Rh8 29. Bf5 Re8 30. Qe6 Qg8 31. c3 Kc7 32. c4 a5 33. c5 Qxe6 34. Bxe6 b6
35. b4 axb4 36. axb4 bxc5 37. dxc5 Ra8 38. Kb2 Ra4 39. Bb3 Ra8 40. Be6 Rb8 41.
Kc2 Ra8 42. Kb2 Rb8 43. Kc2 Ra8 44. Kd3 Ra3+ 45. Ke2 Rc3 46. Rc4 Rxc4 47. Bxc4
dxc5 48. bxc5 Ne4 49. Bf7 Nxc5 50. Bxh5 e5 51. Ke3 Kd6 52. Bf7 Ke7 53. Ba2 Kf6
54. Bb1 Nd7 55. Be4 c5 56. Bc6 Nb6 57. Ke4 Ke6 58. Bb5 Kf6 1/2-1/2

[Event "Gibraltar Masters"]
[Site "Caleta ENG"]
[Date "2011.01.31"]
[Round "7.35"]
[White "Karavade, Eesha"]
[Black "Das, Arghyadip"]
[Result "1/2-1/2"]
[WhiteTitle "IM"]
[BlackTitle "IM"]
[WhiteElo "2353"]
[BlackElo "2479"]
[WhiteFideId "5012600"]
[BlackFideId "5003610"]
[EventDate "2011.01.25"]
[EventType "swiss"]

1. d4 d6 2. Nf3 Bg4 3. c4 Nd7 4. Nc3 e5 5. g3 Ngf6 6. Bg2 Be7 7. O-O O-O 8. h3
Bh5 9. Nh4 c6 10. Nf5 Bg6 11. Nxe7+ Qxe7 12. dxe5 dxe5 13. Qb3 Nc5 14. Qa3 Nfd7
15. Be3 Rfe8 16. Rad1 f5 17. Rd2 Ne6 18. Qxe7 Rxe7 19. f4 exf4 20. gxf4 Nf6 21.
b4 Bf7 22. b5 Rc8 23. Bxa7 Ra8 24. Be3 Ra3 25. Rd3 Rd7 26. Rxd7 Nxd7 27. Rc1 Nd8
28. bxc6 bxc6 29. Kf2 Bxc4 30. Rd1 Be6 31. Rd3 Kf7 1/2-1/2

[Event "Gibraltar Masters"]
[Site "Caleta ENG"]
[Date "2011.01.31"]
[Round "7.36"]
[White "Malmdin, Nils-Ake"]
[Black "Pogonina, Natalija"]
[Result "1/2-1/2"]
[BlackTitle "WGM"]
[WhiteElo "2272"]
[BlackElo "2472"]
[WhiteFideId "1701584"]
[BlackFideId "4147855"]
[EventDate "2011.01.25"]
[EventType "swiss"]

1. e4 c5 2. Nf3 d6 3. d4 cxd4 4. Nxd4 Nf6 5. Nc3 g6 6. Be3 Bg7 7. f3 O-O 8. Qd2
Nc6 9. O-O-O d5 10. exd5 Nxd5 11. Nxc6 bxc6 12. Nxd5 cxd5 13. Qxd5 Qc7 14. Qc5
Qb7 15. b3 Bf5 16. Bd3 Rfc8 17. Qa5 Bxd3 18. Rxd3 Qc6 19. c4 Re8 20. Rhd1 Qf6
21. Rd4 h6 22. R1d3 e5 23. Rd6 Qh4 24. Qd5 Qe1+ 25. Kc2 Qa1 26. Rd7 Qxa2+ 27.
Kd1 Rf8 28. Rxf7 Rxf7 29. Qxa8+ Kh7 30. Qd5 e4 31. Qxe4 Qxg2 32. Rd2 Qf1+ 33.
Kc2 Qa1 34. Bd4 Qa2+ 35. Kc3 Qa5+ 36. Kc2 Rd7 37. Qe3 Bxd4 38. Rxd4 Qa2+ 39. Kc3
Rb7 40. b4 Qa3+ 41. Kd2 Qxb4+ 42. Ke2 Rf7 43. Kf2 h5 44. Rf4 Qb2+ 45. Ke1 Rg7
46. h4 a5 47. c5 Qa1+ 48. Kf2 a4 49. c6 a3 50. Ra4 Qb2+ 51. Qe2 Qc3 52. Rc4 Qa5
53. Rc2 a2 54. Rxa2 1/2-1/2

[Event "Gibraltar Masters"]
[Site "Caleta ENG"]
[Date "2011.01.31"]
[Round "7.37"]
[White "Oberhofer, Andre"]
[Black "Vernay, Clovis"]
[Result "0-1"]
[BlackTitle "IM"]
[WhiteElo "2270"]
[BlackElo "2446"]
[WhiteFideId "24654140"]
[BlackFideId "633046"]
[EventDate "2011.01.25"]
[EventType "swiss"]

1. e4 e6 2. d4 d5 3. Nc3 Bb4 4. exd5 exd5 5. a3 Ba5 6. Nf3 Nf6 7. Bd3 O-O 8. O-O
Bg4 9. h3 Bh5 10. Bg5 c6 11. g4 Bg6 12. Ne5 Nbd7 13. Nxd7 Qxd7 14. Bxf6 gxf6 15.
Ne2 f5 16. Ng3 fxg4 17. hxg4 Bxd3 18. cxd3 f5 19. gxf5 Kh8 20. Qh5 Qf7 21. Qh6
Qf6 22. Qxf6+ Rxf6 23. b4 Bb6 24. Rae1 Rg8 25. Kg2 Rxf5 26. Re7 Bxd4 27. Rxb7
Rf4 28. f3 Be5 29. Re7 Bd6 30. Rd7 Bb8 31. Rb7 Rd4 32. f4 Bxf4 33. Rf3 Bxg3 34.
Rxg3 Rxg3+ 35. Kxg3 Rxd3+ 36. Kf4 Rxa3 37. Ke5 h5 38. Kf6 h4 39. Kg6 Rg3+ 40.
Kh6 Kg8 41. b5 cxb5 42. Rxb5 h3 0-1

[Event "Gibraltar Masters"]
[Site "Caleta ENG"]
[Date "2011.01.31"]
[Round "7.38"]
[White "Sipila, Vilka"]
[Black "Zhukova, Natalia"]
[Result "0-1"]
[BlackTitle "GM"]
[WhiteElo "2269"]
[BlackElo "2441"]
[WhiteFideId "505455"]
[BlackFideId "14101513"]
[EventDate "2011.01.25"]
[EventType "swiss"]

1. e4 Nf6 2. e5 Nd5 3. d4 d6 4. Nf3 g6 5. Bc4 Nb6 6. Bb3 Bg7 7. O-O O-O 8. Qe2
Bg4 9. exd6 exd6 10. h3 Bf5 11. Bg5 Qd7 12. Qd2 c5 13. c3 Nc6 14. dxc5 dxc5 15.
Qxd7 Nxd7 16. Na3 Nde5 17. Nxe5 Nxe5 18. Rfd1 h6 19. Be7 Rfc8 20. Nc4 Nxc4 21.
Bxc4 Re8 22. Bd6 Rac8 23. Bf4 Re4 24. Bd5 Rxf4 25. a4 Be6 26. g3 Rf6 27. Bxb7
Rb8 28. Bg2 Rxb2 29. f4 Bb3 30. Rd8+ Kh7 31. a5 Re6 32. Rc1 Re3 33. Bf1 Rxg3+
34. Kh1 Bxc3 35. Rd7 Bd4 36. Bb5 Rxh3# 0-1

[Event "Gibraltar Masters"]
[Site "Caleta ENG"]
[Date "2011.01.31"]
[Round "7.39"]
[White "Aerni, Andi"]
[Black "Monroy, Charles"]
[Result "0-1"]
[BlackTitle "IM"]
[WhiteElo "2182"]
[BlackElo "2421"]
[WhiteFideId "1313185"]
[BlackFideId "621641"]
[EventDate "2011.01.25"]
[EventType "swiss"]

1. e4 c5 2. c3 Nf6 3. e5 Nd5 4. Nf3 Nc6 5. d4 cxd4 6. cxd4 d6 7. Bc4 e6 8. O-O
Be7 9. Qe2 O-O 10. Nc3 Nxc3 11. bxc3 dxe5 12. dxe5 Qc7 13. Bd3 Rd8 14. Re1 b6
15. Ng5 Qxe5 16. Bxh7+ Kf8 17. Qxe5 Nxe5 18. Be4 Nd3 19. Rd1 Nxc1 20. Raxc1 Rb8
21. Nf3 Ba6 22. Ne5 Rbc8 23. Nc6 Rxd1+ 24. Rxd1 Bf6 25. h3 Rc7 26. f3 g5 27. a4
Bb7 28. Nxa7 Bxe4 29. Nb5 Bxf3 30. gxf3 Rc4 31. Rd6 Be7 32. Rd7 Rxa4 33. Kg2 Ra1
34. c4 Rc1 35. Rd4 Bc5 36. Re4 Rc2+ 37. Kh1 Rf2 38. Rg4 Rxf3 0-1

[Event "Gibraltar Masters"]
[Site "Caleta ENG"]
[Date "2011.01.31"]
[Round "7.40"]
[White "Vaarala, Eric"]
[Black "Vaibhav, Suri"]
[Result "0-1"]
[BlackTitle "IM"]
[WhiteElo "2152"]
[BlackElo "2421"]
[WhiteFideId "1711962"]
[BlackFideId "5045185"]
[EventDate "2011.01.25"]
[EventType "swiss"]

1. c4 e6 2. Nc3 Nf6 3. e4 c5 4. e5 Ng8 5. Nf3 Nc6 6. b3 d6 7. exd6 Bxd6 8. Bb2
Nf6 9. d4 O-O 10. Be2 Qe7 11. d5 exd5 12. Nxd5 Nxd5 13. cxd5 Ne5 14. O-O Nxf3+
15. Bxf3 Qg5 16. Re1 Bd7 17. Qc1 Qxc1 18. Raxc1 Rfe8 19. g3 Kf8 20. Bc3 b5 21.
Rxe8+ Rxe8 22. Bd2 Rc8 23. Be2 Ke7 24. Bd3 Be5 25. Be3 Kd6 26. Bf1 h6 27. Be2 g5
28. b4 cxb4 29. Rxc8 Bxc8 30. Bxa7 Kxd5 31. Bxb5 Be6 32. Ba4 Kc4 33. Bb3+ Kd3
34. Bxe6 fxe6 35. Bc5 Bc3 36. Kg2 g4 37. h3 h5 38. hxg4 hxg4 39. f3 gxf3+ 40.
Kxf3 e5 41. g4 e4+ 42. Kf4 Bd2+ 43. Ke5 e3 44. Bxe3 Bxe3 45. Kd5 Kc3 46. Kc6 Kb2
47. Kb5 Ka3 48. Kc4 Bg5 49. Kb5 Be7 50. Kc4 Kxa2 0-1

[Event "Gibraltar Masters"]
[Site "Caleta ENG"]
[Date "2011.01.31"]
[Round "7.41"]
[White "Mullon, Jean-Baptiste"]
[Black "Nikolaidis, Konstantinos"]
[Result "1-0"]
[WhiteTitle "IM"]
[BlackTitle "FM"]
[WhiteElo "2420"]
[BlackElo "2284"]
[WhiteFideId "613606"]
[BlackFideId "4200578"]
[EventDate "2011.01.25"]
[EventType "swiss"]

1. e4 c6 2. d4 d5 3. e5 c5 4. dxc5 e6 5. a3 Nc6 6. Nf3 Bxc5 7. b4 Bb6 8. Bb2 f6
9. Bb5 Ne7 10. O-O O-O 11. exf6 gxf6 12. c4 a6 13. Ba4 dxc4 14. Qc1 Bd7 15. Qxc4
Nd5 16. Bb3 Nce7 17. Nbd2 Kh8 18. Rfe1 Qc7 19. Qh4 Qf4 20. Qxf4 Nxf4 21. Nc4 Bc7
22. g3 Nfd5 23. Rad1 Rad8 24. Ng5 e5 25. Nxe5 fxe5 26. Bxd5 Nxd5 27. Rxd5 Kg8
28. Bxe5 Bc6 29. Rxd8 Bxd8 30. Ne6 Re8 31. Nxd8 Rxd8 32. h3 Rd3 33. Bb2 Bf3 34.
Bc1 Kf7 35. g4 Rd1 36. Rxd1 Bxd1 37. Kg2 Ba4 38. Kf3 Bd1+ 39. Ke4 Be2 40. a4 b6
41. Be3 Bd1 42. Bxb6 Bxa4 43. f4 Bd1 44. Kf5 h6 45. Ke5 Be2 46. f5 Bd1 47. Kf4
Be2 48. Bd4 Bd1 49. h4 Bc2 50. g5 hxg5+ 51. hxg5 Bb1 52. g6+ Kg8 53. Kg5 1-0

[Event "Gibraltar Masters"]
[Site "Caleta ENG"]
[Date "2011.01.31"]
[Round "7.42"]
[White "Itkis, Hana"]
[Black "Slavin, Alexei"]
[Result "0-1"]
[WhiteTitle "WFM"]
[BlackTitle "IM"]
[WhiteElo "2084"]
[BlackElo "2417"]
[WhiteFideId "2020190"]
[BlackFideId "24104388"]
[EventDate "2011.01.25"]
[EventType "swiss"]

1. c4 Nf6 2. Nc3 e6 3. e4 Nc6 4. Nf3 e5 5. d4 Bb4 6. d5 Nb8 7. Qc2 O-O 8. Bd3 d6
9. a3 Bxc3+ 10. Qxc3 Bg4 11. Ng1 a5 12. f3 Bd7 13. b3 Nh5 14. Ne2 Qh4+ 15. g3
Qe7 16. Be3 c6 17. g4 Nf6 18. Ng3 cxd5 19. cxd5 Na6 20. Qxa5 Nc5 21. Qc3 Rfc8
22. Bxc5 dxc5 23. a4 Ne8 24. O-O Nd6 25. Qd2 Qd8 26. a5 g6 27. Rfc1 Kg7 28. Bc4
Ra7 29. Qc3 f6 30. Ra2 b5 31. Bf1 b4 32. Qb2 Rxa5 33. Rxa5 Qxa5 34. g5 Qa3 35.
gxf6+ Kxf6 36. Qf2 Qxc1 0-1

[Event "Gibraltar Masters"]
[Site "Caleta ENG"]
[Date "2011.01.31"]
[Round "7.43"]
[White "Stokke, Kjetil"]
[Black "Valgmae, Toomas"]
[Result "1/2-1/2"]
[WhiteTitle "FM"]
[WhiteElo "2413"]
[BlackElo "2190"]
[WhiteFideId "1502964"]
[BlackFideId "4502523"]
[EventDate "2011.01.25"]
[EventType "swiss"]

1. c4 c5 2. g3 Nc6 3. Bg2 Nf6 4. Nf3 b6 5. d4 cxd4 6. Nxd4 Bb7 7. Nc3 e6 8. Bf4
a6 9. O-O Be7 10. Nxc6 Bxc6 11. Nd5 exd5 12. cxd5 Nxd5 13. Bxd5 O-O 14. Qb3 Bc5
15. Bd2 Qe7 16. e3 Qd6 17. Bxc6 dxc6 18. Rad1 Qe6 19. Qxe6 fxe6 20. Bc3 Rfd8 21.
Kg2 Kf7 22. Kf3 g6 23. Ke4 Rd5 24. Rc1 Be7 25. f4 c5 26. g4 Rad8 27. g5 Bf8 28.
h4 h5 29. Rc2 R8d7 30. a3 b5 31. Rfc1 c4 32. Bd4 Bg7 33. Bxg7 Kxg7 34. b3 cxb3
35. Rc3 b2 36. Rb1 Rd2 37. Rb3 Rc7 38. R1xb2 Rxb2 39. Rxb2 Rc3 40. a4 Rc4+ 41.
Ke5 Rxa4 42. Rd2 Kf7 43. Rd7+ Ke8 44. Rb7 Kd8 45. e4 Kc8 46. Rb6 Kc7 47. Rxe6 b4
48. Kd4 b3+ 49. Kc3 Rb4 50. Kb2 a5 51. f5 a4 52. Ra6 1/2-1/2

[Event "Gibraltar Masters"]
[Site "Caleta ENG"]
[Date "2011.01.31"]
[Round "7.44"]
[White "Tscharotschkin, Michael"]
[Black "Boskovic, Drasko"]
[Result "0-1"]
[BlackTitle "IM"]
[WhiteElo "2181"]
[BlackElo "2418"]
[WhiteFideId "4619510"]
[BlackFideId "927368"]
[EventDate "2011.01.25"]
[EventType "swiss"]

1. e4 c5 2. c3 d5 3. exd5 Qxd5 4. d4 Nf6 5. Nf3 e6 6. Nbd2 Nc6 7. Bc4 Qd8 8. Nb3
cxd4 9. Nbxd4 Nxd4 10. Nxd4 Be7 11. Qe2 O-O 12. O-O a6 13. Bf4 Bd6 14. Bxd6 Qxd6
15. Rad1 Qc5 16. Nb3 Qc7 17. Nd2 b5 18. Bd3 Bb7 19. Ne4 Nd5 20. g3 h6 21. c4 Nb4
22. cxb5 Nxd3 23. Rxd3 axb5 24. a3 b4 25. Qe3 Ba6 26. Rd4 Rfd8 27. Rfd1 bxa3 28.
Nf6+ Kh8 29. bxa3 Rxd4 30. Rxd4 Qc2 31. h3 Bb7 32. Kh2 Qc6 33. f3 e5 34. Rb4 Rd8
35. Ne4 Qc2+ 36. Nf2 Rd3 37. Rc4 Qa2 38. Qc5 Rxf3 39. Rc2 Qb1 40. g4 Qf1 41. Qb6
Be4 42. Rd2 Re3 0-1

[Event "Gibraltar Masters"]
[Site "Caleta ENG"]
[Date "2011.01.31"]
[Round "7.45"]
[White "Bellon Lopez, Juan Manuel"]
[Black "Wheldon, Philip"]
[Result "0-1"]
[WhiteTitle "GM"]
[WhiteElo "2404"]
[BlackElo "2106"]
[WhiteFideId "2200031"]
[BlackFideId "407402"]
[EventDate "2011.01.25"]
[EventType "swiss"]

1. d4 d5 2. Bf4 Nf6 3. e3 c5 4. dxc5 Qa5+ 5. Nc3 Qxc5 6. Nb5 Na6 7. c3 Bd7 8. a4
g6 9. Be5 Bg7 10. Bd4 Qc8 11. Bxa7 Nc7 12. Nf3 O-O 13. Bd4 Nxb5 14. axb5 Rxa1
15. Qxa1 Qa8 16. Ba7 Ne4 17. Nd4 Rc8 18. Be2 Nd6 19. Qa5 e5 20. Nb3 Nc4 21. Bxc4
dxc4 22. Nd2 Rc5 23. Qa3 Rxb5 24. Nxc4 Bf8 25. b4 Be6 26. Nb2 Rd5 27. O-O Rd2
28. Ra1 b6 29. c4 Bf5 30. h3 Be4 31. Qc3 Rc2 32. Qb3 Rd2 33. Qc3 Rd7 34. f3 Bxf3
35. Nd3 Bxg2 36. Bxb6 Qe4 37. Nc5 Bxc5 38. Bxc5 Bxh3 39. Qb2 Be6 40. Qg2 Qxg2+
41. Kxg2 Bxc4 42. Ra8+ Kg7 43. Rb8 Kf6 44. e4 Rd2+ 45. Kf3 Rd3+ 46. Kf2 Rb3 47.
Be3 h5 48. Rb6+ Be6 49. b5 h4 50. Rb8 h3 51. b6 Rb2+ 52. Kf3 Rg2 53. Bf2 Bg4+
54. Ke3 h2 0-1

[Event "Gibraltar Masters"]
[Site "Caleta ENG"]
[Date "2011.01.31"]
[Round "7.46"]
[White "Meskovs, Nikita"]
[Black "Felgaer, Ruben"]
[Result "0-1"]
[BlackTitle "GM"]
[WhiteElo "2243"]
[BlackElo "2585"]
[WhiteFideId "11602740"]
[BlackFideId "107069"]
[EventDate "2011.01.25"]
[EventType "swiss"]

1. d4 Nf6 2. c4 g6 3. Nc3 Bg7 4. e4 d6 5. Nf3 O-O 6. h3 Na6 7. Bg5 Qe8 8. g4 c5
9. d5 e6 10. Be2 exd5 11. exd5 Bd7 12. O-O h5 13. Nh2 hxg4 14. hxg4 Ne4 15. Nxe4
Qxe4 16. Rb1 Rae8 17. Bd3 Qd4 18. Be3 Rxe3 19. fxe3 Qxe3+ 20. Kg2 Nb4 21. Rf3
Qg5 22. Qc1 Qxc1 23. Rxc1 Bxb2 24. Rb1 Be5 25. a3 Nxd3 26. Rxd3 b6 27. Re3 f6
28. Nf3 Bxg4 29. Nxe5 fxe5 30. Rf1 Bf5 31. a4 Kg7 32. a5 bxa5 33. Ra1 Kf6 34.
Rxa5 e4 35. Rb3 Ke5 36. Ra6 Rf6 37. Rb1 Bg4 38. Rxa7 e3 39. Kg3 Bh5 40. Rab7 Kd4
41. Re7 e2 42. Kg2 Bf3+ 43. Kg1 Be4 44. Re1 Bd3 0-1

[Event "Gibraltar Masters"]
[Site "Caleta ENG"]
[Date "2011.01.31"]
[Round "7.47"]
[White "Andreasen, Per"]
[Black "Kosintseva, Tatiana"]
[Result "0-1"]
[WhiteTitle "FM"]
[BlackTitle "GM"]
[WhiteElo "2239"]
[BlackElo "2570"]
[WhiteFideId "1400886"]
[BlackFideId "4133471"]
[EventDate "2011.01.25"]
[EventType "swiss"]

1. Nf3 c5 2. c4 g6 3. e3 Bg7 4. d4 Nf6 5. Nc3 cxd4 6. Nxd4 O-O 7. Be2 Nc6 8. O-O
d6 9. Bf3 Bd7 10. b3 a6 11. Bb2 Rb8 12. Nd5 Ne8 13. Qd2 e6 14. Nb4 Ne5 15. Be2
f5 16. Rad1 Nf6 17. Nd3 Nf7 18. Qb4 g5 19. f4 g4 20. c5 d5 21. a4 Ne4 22. Rc1
Re8 23. Rc2 Bf8 24. a5 Bg7 25. Qe1 Rf8 26. b4 Qe8 27. Nf2 e5 28. fxe5 Nxe5 29.
Nxe4 dxe4 30. Qg3 Qe7 31. Rd2 h5 32. Nc2 Ba4 33. Nd4 Bd7 34. Nc2 Rbe8 35. Qe1
Nf3+ 36. gxf3 Bxb2 37. fxg4 hxg4 38. Bc4+ Kg7 39. Rdf2 Rh8 40. Qd2 Be5 41. Nd4
Qh4 42. Rg2 Rh5 43. Rff2 Qe7 44. Ne2 Rd8 45. Ng3 Rg5 46. Qe2 Rf8 47. Qc2 Bc6 48.
Ne2 Rh5 49. Nf4 Rh6 50. Qb3 Rfh8 51. Bd5 Bb5 52. Bc4 Bd7 53. Bd5 Bc8 54. Ne2 Rf6
55. Nf4 Rfh6 56. Ne2 Rf8 57. Nf4 Rd8 58. Bc4 Qg5 59. Bd5 Qe7 60. Bc4 Qf6 61. Nd5
Qg5 62. Nf4 Bxf4 63. Rxf4 Rh3 64. Re2 Kh6 65. b5 Qxf4 0-1

[Event "Gibraltar Masters"]
[Site "Caleta ENG"]
[Date "2011.01.31"]
[Round "7.49"]
[White "Cmilyte, Viktorija"]
[Black "Daoudi, Kamal"]
[Result "1-0"]
[WhiteTitle "GM"]
[WhiteElo "2526"]
[BlackElo "2155"]
[WhiteFideId "12801259"]
[BlackFideId "9001069"]
[EventDate "2011.01.25"]
[EventType "swiss"]

1. d4 Nf6 2. c4 e6 3. Nc3 d5 4. cxd5 exd5 5. Bg5 Nbd7 6. e3 c6 7. Bd3 Be7 8. Qc2
O-O 9. Nge2 Re8 10. O-O Nf8 11. f3 h6 12. Bh4 Be6 13. Rad1 Rc8 14. Kh1 c5 15.
dxc5 Rxc5 16. Qd2 Ng6 17. Bf2 Rc8 18. Nd4 Ne5 19. Nxe6 fxe6 20. Bb1 Nc4 21. Qe2
Qa5 22. Rc1 Bb4 23. Bh4 Nd7 24. f4 Nxb2 25. Nxd5 Rxc1 26. Rxc1 exd5 27. Qxb2
Rxe3 28. Rc8+ Bf8 29. h3 Nb6 30. Rb8 Qa4 31. Qc2 Qxf4 32. Qh7+ Kf7 33. Qg6+ Kg8
34. Qh7+ Kf7 35. Bg6+ Ke6 36. Qg8+ Ke5 37. Rxf8 Qxh4 38. Re8+ Kf4 39. Qf7+ Qf6
40. Qc7+ Kg5 41. Rxe3 Kxg6 42. Qc2+ Kg5 43. Rg3+ Kh4 44. Rg4+ Kh5 45. Qe2 1-0

[Event "Gibraltar Masters"]
[Site "Caleta ENG"]
[Date "2011.01.31"]
[Round "7.50"]
[White "Zygouris, Hristos"]
[Black "Cramling, Pia"]
[Result "1/2-1/2"]
[BlackTitle "GM"]
[WhiteElo "2215"]
[BlackElo "2516"]
[WhiteFideId "4200292"]
[BlackFideId "1700030"]
[EventDate "2011.01.25"]
[EventType "swiss"]

1. e4 c5 2. Nf3 Nc6 3. d4 cxd4 4. Nxd4 Qb6 5. Nb3 e6 6. Nc3 Nf6 7. Be3 Qc7 8.
Bd3 d6 9. f4 a6 10. Qf3 b5 11. O-O-O Be7 12. Kb1 Bb7 13. g4 Nd7 14. Qf2 Nb4 15.
g5 Rc8 16. h4 Nxd3 17. cxd3 Nc5 18. Nxc5 dxc5 19. f5 Bd6 20. fxe6 fxe6 21. Rhf1
Rf8 22. Qe2 Be5 23. Qh5+ g6 24. Qg4 Qe7 25. Rxf8+ Kxf8 26. h5 Kg8 27. hxg6 hxg6
28. Ne2 c4 29. Nf4 Bxf4 30. Qxf4 e5 31. Qg4 Rd8 32. d4 exd4 33. Rxd4 Rxd4 34.
Bxd4 Bxe4+ 35. Kc1 Bf5 36. Qh4 Qe2 37. Qh8+ Kf7 38. Qf6+ Ke8 39. Qc6+ Kf7 40.
Qf6+ Ke8 41. Qc6+ Kf7 42. Qf6+ 1/2-1/2

[Event "Gibraltar Masters"]
[Site "Caleta ENG"]
[Date "2011.01.31"]
[Round "7.51"]
[White "Seyfried, Claus"]
[Black "Bellin, Robert"]
[Result "0-1"]
[BlackTitle "IM"]
[WhiteElo "2173"]
[BlackElo "2367"]
[WhiteFideId "1271085"]
[BlackFideId "400343"]
[EventDate "2011.01.25"]
[EventType "swiss"]

1. e4 c5 2. c3 e6 3. d4 d5 4. exd5 exd5 5. Be3 c4 6. b3 cxb3 7. axb3 Nf6 8. Nf3
Bf5 9. Bb5+ Nbd7 10. O-O Be7 11. Ne5 O-O 12. Qf3 Be6 13. Nd2 Nxe5 14. dxe5 Ng4
15. Bxa7 Nxe5 16. Qe3 Ng4 17. Qb6 Qc8 18. c4 Rd8 19. c5 Ne5 20. Rfe1 Bf6 21. Ra4
Nd7 22. Qd6 Ne5 23. Qb6 Nd7 24. Qd6 Bc3 25. Re2 Ne5 26. Qe7 Ng6 27. Qg5 h6 28.
Qe3 d4 29. Qf3 Bg4 0-1

[Event "Gibraltar Masters"]
[Site "Caleta ENG"]
[Date "2011.01.31"]
[Round "7.52"]
[White "Cummings, David H."]
[Black "Kandic, Milan"]
[Result "1-0"]
[WhiteTitle "IM"]
[WhiteElo "2366"]
[BlackElo "2143"]
[WhiteFideId "2603578"]
[BlackFideId "926752"]
[EventDate "2011.01.25"]
[EventType "swiss"]

1. c4 Nf6 2. g3 c6 3. Bg2 g6 4. Nc3 Bg7 5. e4 d6 6. Nge2 O-O 7. O-O e5 8. d3 Qc7
9. h3 Be6 10. f4 exf4 11. Nxf4 Na6 12. Be3 Qd7 13. g4 Rfd8 14. g5 Ne8 15. Qf3
Nec7 16. Rad1 Nb4 17. Qf2 c5 18. a3 Nc6 19. Ncd5 Bxd5 20. cxd5 Nd4 21. h4 a5 22.
Bh3 Qe7 23. Kh1 a4 24. h5 b5 25. Qh4 Rf8 26. Rd2 Be5 27. Bxd4 Bxd4 28. Rh2 Be5
29. Bg4 Rad8 30. Rg2 Rb8 31. Bd1 Bxf4 32. Qxf4 Rbe8 33. Rgf2 Qe5 34. Qg4 Rd8 35.
Qg2 Qd4 36. Qf3 Qe5 37. hxg6 hxg6 38. Rh2 Qg7 39. Qh3 Rfe8 40. Rf4 Re5 41. Rh4 1-0

[Event "Gibraltar Masters"]
[Site "Caleta ENG"]
[Date "2011.01.31"]
[Round "7.53"]
[White "Illner, Achim, Dr."]
[Black "Osuna Vega, Enrique"]
[Result "1-0"]
[WhiteTitle "FM"]
[BlackTitle "CM"]
[WhiteElo "2345"]
[BlackElo "2140"]
[WhiteFideId "4615840"]
[BlackFideId "2219549"]
[EventDate "2011.01.25"]
[EventType "swiss"]

1. Nf3 Nf6 2. c4 g6 3. Nc3 d5 4. cxd5 Nxd5 5. Qa4+ c6 6. Qd4 Rg8 7. e3 Bg7 8.
Qa4 Nb6 9. Qh4 h6 10. d4 Be6 11. Be2 N8d7 12. O-O Nd5 13. e4 g5 14. Qg3 N7f6 15.
exd5 Nh5 16. dxe6 Nxg3 17. exf7+ Kxf7 18. hxg3 Bf6 19. Bc4+ e6 20. Re1 Re8 21.
Be3 Qc7 22. Ne4 b6 23. Nxf6 Kxf6 24. Bd2 b5 25. Bb3 a5 26. a3 Qb6 27. Re4 Rad8
28. Rae1 Rd6 29. Ba2 b4 30. axb4 axb4 31. Bc4 Re7 32. b3 Re8 33. g4 Qa5 34. Be3
Qa8 35. Re5 Qa2 36. Rc5 Ra8 37. Nd2 Kg7 38. Ne4 Rd5 39. Rxc6 Rd7 40. Rxe6 Qb2
41. Ng3 Ra1 42. Nf5+ Kf8 43. Bc1 1-0